| 000 | 00464nam a2200181Ia 4500 | ||
|---|---|---|---|
| 001 | 2576 | ||
| 005 | 20260306144817.0 | ||
| 008 | 260306t2017||||xx |||||||||||||| ||spa|| | ||
| 041 | _aESP | ||
| 082 |
_a616.8915 _bO43 |
||
| 100 |
_aO'Leary, Charles J. _eAUT |
||
| 245 | 0 | _aTerapia familiar y de pareja centrada en la persona en la práctica | |
| 260 | _c2017 | ||
| 300 |
_a221 páginas : _c23 cm. |
||
| 650 | _aGEN | ||
| 654 | _aCPS | ||
| 942 |
_cLIB _dJUS _fJUS _2ddc _n |
||
| 999 |
_c2576 _d2576 |
||